Les dialogues de Michel Audiard - partie 1 - Statistiques

Statistiques générales
  • Ce quiz a été pris 27 fois
  • Le résultat moyen est 10 sur 15
Statistiques - réponses
Question Réponse % Correct
"Alors, il dort le gros con ? Ben il dormira encore mieux quand il aura pris ça dans la gueule ! Il entendra chanter les anges, le gugusse de Montauban… Je vais le renvoyer tout droit à la maison mère… au terminus des prétentieux…" Bernard BLIER
87%
“Entre truands, les bénéfices ça se partage, la réclusion, ça s’additionne.” Jean GABIN
83%
"Quand les type de 130 Kilos disent certaines choses, ceux de 60 kilos les écoutent ! " Jean-Paul BELMONDO
83%
" J'pense que quand on mettra les cons sur orbite, t'as pas fini de tourner ! " Jean GABIN
78%
"Les cons, ça ose tout ! C'est même à ça qu'on les reconnaît." Lino VENTURA
78%
“Quand on parle pognon, à partir d’un certain chiffre, tout le monde écoute.” Jean GABIN
70%
"Monsieur Esnault, si la connerie n'est pas remboursée par les assurances sociales, vous finirez sur la paille !" Jean-Paul BELMONDO
65%
“On n’emmène pas des saucisses quand on va à Francfort.” André POUSSE
61%
"Les ordres sont les suivants: on courtise, on séduit, on enlève et en cas d'urgence...on épouse !" Noël ROQUEVERT
61%
“Un pigeon, c’est plus con qu’un dauphin, d’accord, mais ça vole.” André POUSSE
57%
"Je crois, docteur, que l'homme de Néanderthal est en train de nous le mettre dans l'os. Deux intellectuels assis vont moins loin qu'une brute qui marche." Maurice BIRAUD
57%
"Je suis ancien combattant, militant socialiste, et bistrot. C'est dire si, dans ma vie, j'en ai entendu, des conneries !" Robert DALBAN
57%
"Y'a pas à dire, dans la vie, y faut toujours se fier aux apparences: quand un homme a un bec de canard, des ailes de canard et des pattes de canard, c'est un canard. Et c'qui est valable pour les canards l'est aussi pour les p'tits merdeux." Pierre FRESNAY
52%
“Dans la vie il y a deux expédients à n’utiliser qu’en dernière instance : le cyanure ou la loyauté.” Jean GABIN
48%
“C'est pas parce qu'on a rien à dire qu'il faut fermer sa gueule.” Tsilla CHELTON
26%
Aucun quiz correspondant
Distribution des résultats
% des personnes avec chaque résultat
Percentile par nombre de réponses
Votre historique - résultats
Vous n’avez pas pris ce quiz